| 000 | 00720cam a22002413a 4500 | ||
|---|---|---|---|
| 001 | 23547 | ||
| 003 | PGUSA | ||
| 005 | 20140828083513.0 | ||
| 008 | 071119s2007||||xxu|||||s|||||000 | eng d | ||
| 040 |
_aPGUSA _beng |
||
| 042 | _adc | ||
| 050 | 4 | _aHF | |
| 100 | 1 | _aUnknown | |
| 245 | 1 | 0 |
_aSam Lambert and the New Way Store : _bA Book for Clothiers and Their Clerks _h[electronic resource] / _cUnknown |
| 260 |
_bProject Gutenberg, _c2007 |
||
| 506 | _aPublic domain in the USA. | ||
| 516 | _aElectronic text | ||
| 653 | _aSales personnel -- Clothing and dress | ||
| 653 | _aClothing trade -- United States | ||
| 830 | 0 |
_aProject Gutenberg _v23547 |
|
| 856 | 4 | 0 | _uhttp://www.gutenberg.org/ebooks/23547 |
| 942 | _cEB | ||
| 999 |
_c252802 _d252802 |
||